[Event "Central-SRB chT 2018"]
[Site "Kragujevac"]
[Date "2018.09.14"]
[Round "1"]
[White "Parligras, Mircea-Emilian"]
[Black "Draskovic, Luka"]
[Result "1/2-1/2"]
[WhiteElo "2623"]
[BlackElo "2449"]
[Annotator "TA"]
[PlyCount "109"]
[EventDate "2018.09.14"]
[EventType "team-tourn"]
[EventCountry "SRB"]
[SourceTitle "playchess.com"]
[Source "ChessBase"]
[SourceQuality "1"]

{[%evp 14,109,16,20,12,7,18,0,11,20,24,30,17,9,55,50,67,40,47,40,66,33,75,33,35,26,20,22,29,4,27,27,40,27,28,28,26,34,25,22,22,19,31,16,16,16,18,14,15,21,21,25,27,24,23,14,48,19,15,12,15,0,0,0,12,8,8,0,0,0,0,-6,0,-62,-62,-64,-64,-62,-65,-62,-3,0,-3,-3,-3,-3,-3,-3,-3,-8,-8,-8,-8,-8,-12,-25,0,0]} 1. d4 Nf6 2. c4 e6 3. Nf3 Bb4+ 4. Bd2 Qe7 5. g3 Bxd2+ 6. Qxd2 Nc6 {E11: Damenindisch (Bogoljubow-Variante)} 7. Nc3 d5 8. e3 {LiveBook: 3 Partien} dxc4 9. Bxc4 O-O 10. Ne5 Nxe5 11. dxe5 Nd7 12. f4 a6 $146 ({Vorgänger:} 12... b6 13. O-O Bb7 14. Rad1 {½-½ (23) Kazhgaleyev,M (2561)-Georgiev,K (2623) Skopje 2015}) 13. Be2 b6 14. Bf3 Rb8 15. O-O a5 16. Rfd1 Nc5 17. Nb5 Bd7 18. Nd4 Rbd8 19. Qc3 f6 20. exf6 Qxf6 21. Rac1 Ba4 22. b3 Be8 23. Ne2 Bb5 24. Qxf6 gxf6 25. Nd4 Bd7 26. Rd2 Kf7 27. Rcd1 Ke7 28. Kf1 e5 29. Nc6+ Bxc6 $1 30. Bxc6 Rd6 31. Rxd6 cxd6 $11 {[%mdl 4096] Endspiel KTL-KTS} 32. Bd5 b5 33. a3 Rb8 34. Ra1 Rb6 35. Ke2 f5 36. Rc1 Kf6 37. Kd2 b4 38. Ra1 a4 39. axb4 Rxb4 40. Kc3 Nxb3 41. Ra3 Rb5 42. Bc4 $132 {[%mdl 2048] Weiss is not keeping still} Rc5 {[#] zielt auf ...d5 ab.} 43. Kb4 (43. Rxa4 $11 Na5 44. fxe5+ dxe5 45. Kd3) 43... Nd2 $15 44. Bd3 e4 45. Ra2 $1 Nf3 46. Bc4 Ne1 (46... Rc7 $15) 47. Re2 $1 $11 {[%cal Re2e1]} Nd3+ 48. Bxd3 $1 exd3 {KT-KT} 49. Rd2 Rc2 50. Rxd3 Ke6 51. Kxa4 Rxh2 52. Kb5 Rg2 53. Kc6 Rc2+ 54. Kb5 Rg2 55. Kc6 {Precision: Weiß = 51%, Schwarz = 65%.} 1/2-1/2

[Event "Central-SRB chT 2018"]
[Site "Kragujevac"]
[Date "2018.09.14"]
[Round "1"]
[White "Petkov, Vladimir"]
[Black "Atalik, Suat"]
[Result "1-0"]
[WhiteElo "2510"]
[BlackElo "2512"]
[Annotator "TA"]
[PlyCount "103"]
[EventDate "2018.09.14"]
[EventType "team-tourn"]
[EventCountry "SRB"]
[SourceTitle "playchess.com"]
[Source "ChessBase"]
[SourceQuality "1"]

{[%evp 22,103,43,41,39,32,40,35,92,77,75,71,85,81,129,87,129,107,129,102,129,130,137,139,136,146,120,125,185,185,172,127,148,150,282,184,218,242,240,226,241,241,228,199,369,242,387,258,431,436,606,464,484,482,503,466,395,409,397,375,343,372,464,464,649,286,259,0,252,167,291,145,153,139,293,247,246,222,295,196,777,510,29987,29988]} 1. d4 Nf6 2. c4 g6 3. g3 c5 4. Nf3 cxd4 5. Nxd4 Bg7 6. Bg2 O-O 7. Nc3 Qc7 {E60: King's Indian: Unusual lines and Fianchetto Variation without Nc3} 8. b3 (8. Qd3 Nc6 9. Bf4 d6 10. Nxc6 bxc6 11. O-O a5 12. b3 Bb7 13. Rad1 Nd7 14. Qe3 Rfe8 15. Rc1 e5 16. Bh6 Bxh6 17. Qxh6 Nc5 18. Rfd1 Rad8 19. Rc2 f5 20. Qc1 Bc8 21. Rcd2 Be6 22. Qa3 {½-½ (22) Dreev,A (2653)-Bruzon Batista,L (2664) Havana 2018}) 8... d5 9. Ndb5 Qa5 10. Bd2 dxc4 11. bxc4 Nc6 12. O-O {LiveBook: 3 Games} Qd8 13. Nd5 Bf5 14. Bc3 Ne8 $146 (14... e5 $14) ({Predecessor:} 14... Rc8 15. Rc1 {1-0 (26) Jurek,J (2277)-Vevera,R (2064) Klatovy 2018}) 15. Qb3 $16 Bxc3 16. Nbxc3 Rb8 17. Rfd1 Qc8 18. Rac1 Kg7 19. Qb2 {Strongly threatening Nxe7!} e5 20. c5 {[%cal Bc4c5,Bc5d6][%mdl 32]} f6 21. Nb5 Rf7 22. Nb4 Rd7 23. Nd6 Nxd6 24. cxd6 Qf8 (24... a5 $16) 25. Nxc6 $18 bxc6 26. Qa3 c5 27. Rxc5 e4 (27... Rb6 $16) 28. Rc6 Qe8 29. h3 h5 30. Rc7 Rb7 31. Rxb7 Rxb7 32. Qe3 g5 $2 (32... Qe5 33. Rd4 Kf7 34. Bxe4 Bxe4 35. Qxe4 (35. Rxe4 Qxd6 36. Qh6 Qf8 $16) 35... Qxe4 36. Rxe4 a5) 33. Rd4 Rb6 (33... Qc6 $142 34. h4 (34. Bxe4 Bxe4 35. Qxe4 Qxe4 $18) 34... gxh4 35. gxh4 Rd7) 34. Rd5 Qd7 $2 (34... Be6 {might work better.} 35. Rd4 (35. Qxe4 Qd7 $18) 35... Qd8 36. Bxe4 Rxd6 37. Rxd6 Qxd6 38. Qxa7+ Kf8 39. Qa8+ Kg7 40. Qb7+ Kf8) 35. Qd4 Bg6 36. Kh2 h4 37. a4 hxg3+ 38. fxg3 Rc6 39. a5 a6 40. Qb4 Bf7 41. Rd4 f5 42. Qd2 Kf6 43. Qb2 (43. h4 $142 gxh4 44. g4 $1 {[%mdl 512]} (44. gxh4 Be6 $18)) 43... Kg6 {[#]} 44. Qb4 $2 (44. Rxe4 $1 $18 {[%mdl 512] Threatens to win with Re7.} Rxd6 (44... fxe4 45. Bxe4+) 45. Rb4) 44... Be6 $2 {[%mdl 8192]} (44... Kg7 $1 $11) 45. Qd2 Rc5 {[#]} (45... Rc8 {is a better defense.} 46. g4 Rb8) 46. h4 (46. g4 $1 $18 {[%mdl 512] is more deadly.}) 46... gxh4 $16 47. gxh4 {Qg5+ is the strong threat.} Qd8 $2 (47... Kh7 $16 {was necessary.} 48. h5 Rc8) 48. Qf4 Bd7 {intending ...Kh5.} 49. Rb4 Rxa5 50. Rb7 Ra4 $2 (50... Rb5 51. Rc7 Qe8) 51. e3 Kf7 (51... Ra2 $18 52. Kg1 Rc2) 52. Qxf5+ {Precision: White = 75%, Black = 23%.} 1-0

[Event "Central-SRB chT 2018"]
[Site "Kragujevac"]
[Date "2018.09.14"]
[Round "1"]
[White "Damljanovic, Branko"]
[Black "Dezelin, Milan"]
[Result "1-0"]
[WhiteElo "2470"]
[BlackElo "1985"]
[Annotator "TA"]
[PlyCount "65"]
[EventDate "2018.09.14"]
[EventType "team-tourn"]
[EventCountry "SRB"]
[SourceTitle "playchess.com"]
[Source "ChessBase"]
[SourceQuality "1"]

{[%evp 16,65,24,0,14,8,32,-17,-8,-11,36,16,14,-41,0,-31,73,75,92,71,79,72,85,86,84,81,79,82,80,81,131,141,151,11,37,25,126,113,222,215,303,312,384,291,649,647,29992,791,795,787,758,774]} 1. Nf3 c5 2. e4 d6 3. d4 cxd4 4. Nxd4 Nf6 5. Nc3 g6 6. h3 Bg7 7. g4 Nc6 8. Be3 O-O 9. Bg2 Bd7 {B72: Sicilian Dragon: 6 Be3, lines with h3+Bc4 and sidelines} 10. O-O Ne5 (10... Rc8 11. Nxc6 Bxc6 12. Re1 Nd7 13. Rb1 Qa5 14. Bd2 Qc7 15. Nd5 Bxd5 16. exd5 Rfe8 17. c3 {1-0 (49) Sasikiran,K (2661)-Swapnil,S (2526) Stockholm 2017}) 11. Qe2 Rc8 $146 {The position is equal.} ({Predecessor:} 11... Qc8 12. Rad1 h5 13. g5 Nh7 14. Kh2 Re8 {½-½ (14) Lach,B-Lorscheid,G (2320) Wuerttemberg 1997}) 12. Rad1 a6 13. Bc1 Nc6 14. Nf3 ({Better is} 14. Nxc6 $11 Bxc6 15. e5) 14... Ne8 (14... h5 $5 {[%cal Rh5g4]} 15. g5 Ne8 $11) 15. Rfe1 Na5 (15... Bxc3 $15 {stays ahead.} 16. bxc3 f6) 16. e5 $16 Nc4 17. exd6 Nexd6 18. Qxe7 {Strongly threatening Nd5.} Qxe7 19. Rxe7 Bc6 20. Nd4 Bxg2 21. Kxg2 Rfd8 22. Nd5 {Hoping for Ree1.} Ne8 23. Nf3 Bxb2 24. Bxb2 ({And not} 24. Rxb7 Rxd5 25. Rxd5 Bxc1 $11) (24. Bh6 $16) 24... Nxb2 $11 25. Rd4 $36 {[%mdl 2048] White fights for an advantage.} Rc4 (25... Nd6 $11) 26. Rd2 $16 Nd6 (26... Rcc8 $16) 27. Ne5 $18 {Black must now prevent c3.} Rcc8 {[#]} (27... Kf8 {was called for.} 28. c3 Na4) 28. Nb6 $1 {[%cal Rb6c8]} Rb8 29. c3 f6 $2 (29... Re8) 30. Ned7 Ndc4 {[#]} 31. Nxc4 (31. Nd5 $142 $1 {[%mdl 512]} Ne3+ 32. fxe3 Rf8 33. Rxb2 b5 34. Nxb8 Rxb8 35. Nxf6+ Kf8 36. Rxh7) 31... Nxc4 32. Nxf6+ Kf8 33. Rde2 {Precision: White = 42%, Black = 26%.} 1-0

[Event "Central-SRB chT 2018"]
[Site "Kragujevac"]
[Date "2018.09.14"]
[Round "1"]
[White "Pezelj, Novak"]
[Black "Radovanovic, Dusan"]
[Result "1-0"]
[WhiteElo "2457"]
[BlackElo "2321"]
[Annotator "TA"]
[PlyCount "69"]
[EventDate "2018.09.14"]
[EventType "team-tourn"]
[EventCountry "SRB"]
[SourceTitle "playchess.com"]
[Source "ChessBase"]
[SourceQuality "1"]

{[%evp 23,69,33,29,27,34,0,9,0,16,0,2,-28,59,50,57,49,58,59,71,60,65,35,45,13,50,16,31,24,370,219,201,197,608,608,605,585,968,976,1258,1199,1148,1121,29987,29987,29990,29991,29991,29992]} 1. d4 Nf6 2. c4 c5 3. d5 e6 4. Nc3 exd5 5. cxd5 d6 6. e4 g6 7. Nf3 Bg7 8. Be2 O-O 9. O-O Bg4 10. Bf4 Re8 11. h3 {A73: Modern Benoni: Classical: Unusual Black 9th moves} (11. Nd2 Bxe2 12. Qxe2 Nh5 13. Be3 Nd7 14. a4 a6 15. a5 Rb8 16. Rfe1 Bd4 17. Qf1 Ne5 18. Ra4 b5 19. axb6 Rxb6 20. Bxd4 cxd4 21. Rxd4 Rxb2 22. Nc4 Rb4 23. Na2 Rxc4 24. Rxc4 Nxc4 25. Qxc4 {½-½ (32) Ankit,R (2494)-Mchedlishvili,M (2625) Al Ain 2014}) 11... Bxf3 12. Bxf3 a6 {LiveBook: 4 Games} 13. Re1 {White has an edge.} Nfd7 14. Qc2 $146 ({Predecessor:} 14. a4 Ne5 15. Be2 Nbd7 16. a5 g5 17. Bh2 Qf6 18. Qc2 Reb8 19. Ra3 Ng6 20. g3 {0-1 (58) Mabille,J-Chizelle,B France 1976}) 14... Ne5 15. Be2 Nbd7 16. Be3 {f4 is the strong threat.} b5 17. a4 Nc4 (17... b4 $11 18. Nb1 f5 $1 {[%mdl 512]}) 18. Bf4 $14 Qf6 19. axb5 Qxf4 20. Bxc4 Nb6 21. Bf1 axb5 22. Rxa8 (22. Bxb5 {is interesting.} Reb8 23. g3 Qf3 24. Be2 Qf6 25. Kg2) 22... Rxa8 23. Bxb5 h5 24. g3 $36 {[%mdl 2048] White has some pressure.} Qe5 25. h4 Qd4 $2 {[%mdl 8192] [#]} (25... Rb8 $11) 26. Bc6 (26. e5 $142 $1 {[%mdl 512]}) 26... Rb8 $18 {[#]} 27. e5 $1 {[%mdl 512]} Bxe5 $2 (27... Nc4) (27... dxe5 28. Re4) 28. Re4 Nc4 29. Rxd4 cxd4 30. Nb5 Na5 31. f4 Bg7 32. Nxd6 Rb3 33. Be8 {White mates.} d3 34. Qc8 Kh7 35. Bxf7 {Precision: White = 45%, Black = 46%.} 1-0

[Event "Central-SRB chT 2018"]
[Site "Kragujevac"]
[Date "2018.09.14"]
[Round "1"]
[White "Csonka, Balazs"]
[Black "Soysal, Serkan"]
[Result "1/2-1/2"]
[WhiteElo "2450"]
[BlackElo "2404"]
[Annotator "TA"]
[PlyCount "131"]
[EventDate "2018.09.14"]
[EventType "team-tourn"]
[EventCountry "SRB"]
[SourceTitle "playchess.com"]
[Source "ChessBase"]
[SourceQuality "1"]

{[%evp 20,131,44,27,56,24,29,15,18,26,25,23,130,130,123,129,143,141,148,145,162,162,161,166,194,176,254,243,252,257,257,253,245,251,349,333,318,309,325,302,438,426,418,407,369,193,152,143,143,144,144,144,287,304,365,204,213,179,332,0,121,0,0,0,0,0,0,0,0,0,0,0,0,0,0,0,0,0,0,0,0,0,0,0,0,0,0,0,0,0,8,8,8,8,8,8,8,8,8,0,0,0,0,0,8,8,8,8,8,8,8,8,8,8]} 1. e4 c6 2. d4 d5 3. e5 Bf5 4. h4 h5 5. Bd3 Bxd3 6. Qxd3 e6 7. Bg5 {B12: Caro-Kann (Vorstoß-Variante)} Be7 8. Nf3 Nh6 9. Nc3 {[%cal Bb1c3,Bc3e2,Be2g3][%mdl 32]} Nf5 10. Ne2 Nd7 11. Ng3 {LiveBook: 4 Partien} g6 12. O-O-O $146 ({Vorgänger:} 12. Nxf5 gxf5 13. c3 Nf8 14. g3 Ng6 15. b4 Bxg5 16. Nxg5 Qe7 17. O-O Kf8 18. a4 {½-½ (18) Saric,I (2666)-Motylev,A (2687) Poikovsky 2014}) 12... Bxg5+ 13. Nxg5 Qe7 14. Nxf5 gxf5 15. Rh3 O-O-O {[#]} (15... Nb6 $11) 16. Qa3 $1 $16 {[%cal Ra3e7]} Qxa3 17. Rxa3 Rdf8 18. Rxa7 Kb8 19. Ra3 c5 20. f4 Rhg8 21. g3 Rg7 22. c4 Nb6 (22... cxd4 $142 23. cxd5 (23. Rxd4 Nb6 $16) 23... Rc8+ 24. Kb1 exd5) 23. cxd5 $18 ({Keinesfalls} 23. dxc5 $6 Nxc4 24. Rc3 Na5 $16) 23... Nxd5 24. dxc5 Rc8 25. Ra5 b6 26. Rb5 Ka7 27. b4 Ka6 28. a4 bxc5 29. Rxc5 Rgg8 (29... Rxc5+ $142 30. bxc5 Kb7) 30. Rxc8 Rxc8+ {[%mdl 4096] Endspiel KTS-KTS} 31. Kb2 Rc4 32. Nxf7 (32. Rxd5 $142 exd5 33. Nxf7 Rxb4+ 34. Kc3) 32... Rxb4+ 33. Kc1 Rxa4 34. Ng5 Ra1+ 35. Kd2 Ra2+ (35... Rxd1+ $16 {ist eine bessere Verteidigung.} 36. Kxd1 Nc7) 36. Ke1 Ne3 37. Rd6+ ({Schlechter ist} 37. Nxe6 Ng2+ 38. Kf1 Ne3+ 39. Ke1 Ng2+ 40. Kf1 Ne3+ 41. Ke1 $11) (37. Rd3 $142 Nc2+ 38. Kf1) 37... Kb5 38. Nxe6 Kc4 $2 (38... Ng2+ {war nötig.} 39. Kd1 Ne3+ 40. Ke1 Ng2+ 41. Kd1 Ne3+ 42. Kc1 Kc4) 39. Ng7 $2 (39. Rd2 $18 Nc2+ 40. Kf2) 39... Ng2+ {[#]} (39... Kc3 $11) 40. Kd1 ({Weiss braucht} 40. Kf1 $1 $16 Ne3+ 41. Kg1) 40... Ne3+ $11 {Die Stellung ist ausgeglichen.} 41. Kc1 {Schwarz muss nun e6 beachten.} Kc3 {[%cal Ra2a1]} 42. Rc6+ Nc4 {[%cal Ra2a1]} 43. Kd1 Kd3 {[%cal Ra2a1]} 44. Ke1 Re2+ 45. Kf1 Ne3+ 46. Kg1 Ke4 47. e6 {Droht e7 und aus.} Kf3 48. Rc3 (48. Nxh5 $2 {führt zum Matt.} Re1+ 49. Kh2 Ng4+ 50. Kh3 Rh1#) 48... Re1+ 49. Kh2 {Sxf5 ist eine echte Drohung.} Kf2 {( -> ...Sg4+)} 50. Rxe3 $1 Rxe3 51. Nxh5 Rxe6 {KT-KS} 52. Ng7 Rf6 53. Kh3 Rf7 (53... Kf3 $5) 54. Ne6 Re7 55. Nd4 Rf7 56. h5 {zielt auf Kh4 ab.} Ke3 57. Ne6 Rf6 58. Ng7 {Droht stark Kh4.} Rf7 $1 {[%cal Rf7g7]} 59. h6 Rf6 60. Kh4 {Und Kg5 würde nun gewinnen.} (60. Kg2 {feels hotter.} Ke4 61. h7 Rh6 62. Ne6 Kd5 63. Ng5) 60... Rxh6+ 61. Kg5 Rh8 62. Nxf5+ Kf3 63. Nh6 Kxg3 64. f5 Rf8 65. f6 Rxf6 66. Kxf6 {Precision: Weiß = 73%, Schwarz = 54%.} 1/2-1/2

[Event "Central-SRB chT 2018"]
[Site "Kragujevac"]
[Date "2018.09.14"]
[Round "1"]
[White "Perunovic, Miodrag"]
[Black "Radovanovic, Mihajlo"]
[Result "1-0"]
[WhiteElo "2433"]
[BlackElo "2427"]
[Annotator "TA"]
[PlyCount "105"]
[EventDate "2018.09.14"]
[EventType "team-tourn"]
[EventCountry "SRB"]
[SourceTitle "playchess.com"]
[Source "ChessBase"]
[SourceQuality "1"]

{[%evp 16,105,0,-10,31,-33,0,-3,-14,-83,-74,-74,-30,-30,-27,-71,-91,-89,-67,-53,0,-24,0,0,29,29,28,28,27,28,52,0,0,0,0,0,48,68,72,71,68,64,57,57,91,91,78,79,75,81,69,65,84,84,103,84,103,103,103,103,104,104,104,103,103,94,103,103,262,253,245,237,322,196,1142,1159,1159,1037,29976,29977,29976,29978,29979,29979,29978,29979,29979,29979,29979,29979,29978,29979]} 1. e4 c5 2. Nc3 Nc6 3. f4 g6 4. Nf3 Bg7 5. Bb5 Nd4 6. O-O a6 7. Bd3 d6 8. Nxd4 cxd4 9. Ne2 $1 {LiveBook: 121 Games} Nh6 {[%cal Bg8h6,Bh6g4,Bg4e5,Be5d3][%mdl 32] B23: Closed Sicilian: Lines without g3} (9... Nf6 10. Kh1 e5 11. c3 O-O 12. cxd4 exd4 13. Ng3 Re8 14. f5 d5 15. exd5 Qxd5 16. b3 b5 17. Be2 Bb7 18. Bf3 {½-½ (31) Skoberne,J (2549)-Schlosser,P (2579) Austria 2013}) 10. f5 (10. c3 $14) 10... Ng4 $146 ({Predecessor:} 10... e6 11. Ng3 d5 12. Qf3 dxe4 13. Bxe4 Nxf5 14. Nxf5 exf5 15. Bxb7 Bxb7 16. Qxb7 O-O 17. d3 {0-1 (31) Wilson,M (1873)-Verneuil,P (2205) Gibraltar 2016}) 11. Nf4 Ne5 {The position is equal.} 12. Nd5 (12. Be2 $11 {remains equal.}) 12... Nxd3 $17 13. cxd3 O-O 14. Qe1 b5 15. b3 Bb7 16. Bb2 Bxd5 17. exd5 Be5 (17... Rc8 $15) 18. Qh4 Qb6 19. Qxe7 Qd8 20. Qxd8 $1 Rfxd8 21. Rac1 Rdc8 22. fxg6 hxg6 23. g4 (23. g3 $14) 23... Kf8 24. Kg2 Ke7 25. Rce1 Rc2 (25... Kf8 {looks sharper.} 26. Ba3 Kg7 27. Rc1 Rxc1 28. Rxc1 a5) 26. Bxd4 $1 Rxd2+ 27. Rf2 Rxd3 28. Bxe5 dxe5 29. Rxe5+ $16 {[%mdl 4096] Endgame KRR-KRR} Kf8 30. Re6 Kg7 31. Re7 Rf8 32. Rd7 a5 33. Ra7 Rxd5 34. Rxa5 f5 35. a4 Kf6 36. gxf5 gxf5 37. Rxb5 Rg8+ 38. Kf3 Rxb5 39. axb5 {KR-KR} Rg4 40. Rb2 Rb4 {[#]} 41. b6 $1 f4 $2 (41... Ke5 $16 {was called for.}) 42. Kg4 $18 Ke5 {[#]} 43. b7 $1 Kd4 {intending ...Ke3.} 44. Rd2+ Ke3 $2 (44... Ke5 45. Rd7 Rxb3 46. Re7+ Kf6) 45. Rd7 Kf2 46. Rd4 Rxd4 47. b8=Q {KQ-KR. White mates.} f3+ 48. Kh3 Rd3 49. Qb5 Re3 50. Qc5 Ke2 51. Qc2+ Ke1 52. Qc1+ Ke2 53. Kg3 {Precision: White = 65%, Black = 38%.} 1-0

[Event "Central-SRB chT 2018"]
[Site "Kragujevac"]
[Date "2018.09.14"]
[Round "1"]
[White "Radovanovic, Nikola"]
[Black "Stankovic, Milos"]
[Result "1/2-1/2"]
[WhiteElo "2420"]
[BlackElo "2443"]
[Annotator "TA"]
[PlyCount "45"]
[EventDate "2018.09.14"]
[EventType "team-tourn"]
[EventCountry "SRB"]
[SourceTitle "playchess.com"]
[Source "ChessBase"]
[SourceQuality "1"]

{[%evp 24,45,25,20,13,-26,-8,-3,0,0,10,10,8,10,2,8,25,0,12,16,39,13,24,0]} 1. e4 e6 2. d4 d5 3. Nc3 Nf6 4. Bg5 dxe4 5. Nxe4 Be7 6. Bxf6 gxf6 7. Nf3 f5 8. Nc3 a6 {C13: French: Classical System: 4 Bg5 Be7, Alekhine-Chatard Attack} 9. g3 (9. Qd2 b5 10. O-O-O b4 11. Na4 Qd5 12. b3 Bd7 13. Bc4 Qd6 14. d5 e5 15. Rhe1 e4 16. Nd4 {1-0 (40) Carlsen,M (2832)-Grischuk,A (2750) chess.com INT 2017}) 9... b5 10. Bg2 Bb7 11. O-O O-O 12. Ne5 Bxg2 13. Kxg2 {LiveBook: 26 Games} Bf6 {White should prevent ...c5.} 14. Ne2 {[%cal Bc3e2,Be2f4,Bf4d3][%mdl 32]} (14. Qf3 $5 {[%cal Rf3a8]} Qxd4 15. Qxa8 Bxe5 16. Qf3 $14) 14... b4 15. Nf4 Bxe5 16. dxe5 Qxd1 17. Rfxd1 {[#]} Nc6 $146 18. Nd3 Rfd8 19. f4 Rd5 20. Nf2 Ne7 21. Kf3 a5 22. Rxd5 Nxd5 23. Rd1 1/2-1/2

[Event "Central-SRB chT 2018"]
[Site "Kragujevac"]
[Date "2018.09.14"]
[Round "1"]
[White "Radovic, Janko"]
[Black "Dimitrijevic, Radmilo"]
[Result "1/2-1/2"]
[WhiteElo "2405"]
[BlackElo "2247"]
[Annotator "ChessBase"]
[PlyCount "30"]
[EventDate "2018.09.14"]
[EventType "team-tourn"]
[EventCountry "SRB"]
[SourceTitle "playchess.com"]
[Source "ChessBase"]
[SourceQuality "1"]
[TimeControl "40/5400+30:1800+30"]

1. e4 {[%emt 0:00:00]} c5 {[%emt 0:00:00]} 2. Nf3 {[%emt 0:00:02]} Nc6 {[%emt 0:00:09]} 3. Bb5 {[%emt 0:00:30]} g6 {[%emt 0:00:30]} 4. O-O {[%emt 0:00:30]} Bg7 {[%emt 0:00:30]} 5. Re1 {[%emt 0:00:30]} Nf6 {[%emt 0:06:31]} 6. e5 {[%emt 0:00:00]} Nd5 {[%emt 0:01:44]} 7. Nc3 {[%emt 0:00:00]} Nxc3 {[%emt 0:20:04]} 8. dxc3 {[%emt 0:04:20]} a6 9. Bxc6 {[%emt 0:07:52]} dxc6 {[%emt 0:05:02]} 10. Qxd8+ {[%emt 0:21:02]} Kxd8 {[%emt 0:18:13]} 11. Ng5 Be6 12. Nxe6+ {[%emt 0:02:44]} fxe6 {[%emt 0:00:36]} 13. a4 {[%emt 0:11:48]} a5 {[%emt 0:10:09]} 14. Bg5 {[%emt 0:03:40]} Kc7 {[%emt 0:13:38]} 15. f4 {[%emt 0:09:38]} Rag8 {[%emt 0:06:31]} 1/2-1/2

[Event "Central-SRB chT 2018"]
[Site "Kragujevac"]
[Date "2018.09.14"]
[Round "1"]
[White "Djordjevic, Vuk"]
[Black "Zajic, Milan"]
[Result "1/2-1/2"]
[WhiteElo "2404"]
[BlackElo "2497"]
[Annotator "TA"]
[PlyCount "28"]
[EventDate "2018.09.14"]
[EventType "team-tourn"]
[EventCountry "SRB"]
[SourceTitle "playchess.com"]
[Source "ChessBase"]
[SourceQuality "1"]

{[%evp 13,28,8,58,14,16,27,19,33,70,-21,-23,-20,-19,-26,0,0,0]} 1. d4 Nf6 2. Bg5 d5 3. e3 c5 4. Bxf6 gxf6 5. dxc5 Qa5+ (5... Nc6 6. Nf3 e5 7. Nc3 Be6 8. Na4 Qa5+ 9. c3 b5 10. cxb6 axb6 11. b4 Nxb4 12. Nd2 Nc6 13. Qb3 Qxa4 14. Qxa4 Rxa4 {0-1 (32) Moiseenko,A (2667)-Karjakin,S (2760) Riadh 2017}) 6. Nc3 {D00: 1 d4 d5: Unusual lines} e6 7. Qd4 Nc6 {LiveBook: 3 Games} 8. Bb5 {White is slightly better.} Rg8 9. Nge2 ({Wrong is} 9. Qxf6 $2 Bg7 $19) 9... f5 $146 ({Predecessor:} 9... Bd7 10. Qxf6 Bxc5 11. O-O Be7 12. Qf4 a6 13. Bxc6 bxc6 {1-0 (41) Hennig,D (2390)-Eitel,H (2201) Bayern 2009}) 10. O-O Qd8 11. f4 ({White should try} 11. Qa4 $14) 11... Bd7 $11 12. Bxc6 Bxc6 13. Rf2 Bg7 14. Qb4 a5 1/2-1/2

[Event "Central-SRB chT 2018"]
[Site "Kragujevac"]
[Date "2018.09.14"]
[Round "1"]
[White "Dudukovic, Nikola"]
[Black "Barlov, Dragan"]
[Result "1-0"]
[WhiteElo "2404"]
[BlackElo "2414"]
[Annotator "TA"]
[PlyCount "133"]
[EventDate "2018.09.14"]
[EventType "team-tourn"]
[EventCountry "SRB"]
[SourceTitle "playchess.com"]
[Source "ChessBase"]
[SourceQuality "1"]

{[%evp 21,133,67,53,68,63,31,45,20,39,39,60,47,49,56,37,48,38,40,59,37,90,90,113,76,142,143,151,152,158,169,166,147,184,108,105,100,107,104,141,132,133,69,81,66,69,55,58,60,67,65,62,66,62,61,53,26,51,27,32,27,39,39,39,30,77,59,113,99,85,70,125,125,130,127,132,122,238,227,224,181,231,225,520,516,516,516,506,479,591,591,591,445,616,591,581,575,575,568,834,455,423,412,391,381,550,542,519,519,493,482,550,543,599,479]} 1. Nf3 Nf6 2. g3 g6 3. Bg2 Bg7 4. O-O O-O 5. c4 d6 6. d4 c6 7. Nc3 Qa5 8. e4 Bg4 9. h3 Bxf3 10. Bxf3 Nfd7 11. Be3 a6 {LiveBook: 41 Games} 12. Qc2 $146 {E62: King's Indian: Fianchetto: 6...c6 and Panno Variation (6...Nc6) without ...a6} ({Predecessor:} 12. Rc1 c5 13. dxc5 dxc5 14. a3 Ne5 15. Be2 Nec6 16. Qd5 b6 17. Qd1 Rd8 18. Nd5 Bxb2 19. Nxe7+ Kg7 {1-0 (34) Vijayalakshmi,S (2384)-Martin Del Campo C,R (2374) Mexico City 2016}) 12... c5 13. dxc5 dxc5 14. Rad1 {White is slightly better.} Ne5 15. Be2 Nbc6 16. Qa4 Qxa4 17. Nxa4 {Strongly threatening Nb6.} Nd4 $1 {[%cal Rd4e2]} 18. Bxd4 cxd4 19. f4 $36 {[%mdl 2048] White is pushing.} Nc6 $1 20. e5 f6 ({Black should play} 20... Rac8 $14) 21. exf6 $16 Bxf6 22. Nc5 b6 (22... d3 $142 23. Nxd3 Nd4) 23. Nd7 Rfd8 24. Bf3 Rac8 25. Nxb6 Rb8 26. Nd5 Nb4 27. Nxb4 (27. Nxf6+ $18 exf6 28. a3) 27... Rxb4 28. b3 a5 29. Rd3 Rc8 30. Bd5+ Kh8 31. a3 (31. Be6 $16 Rc7 32. Rc1) 31... Rb6 $1 $14 32. Re1 Rcb8 $1 33. c5 Rb5 34. Rc1 {[#] Threatens to win with a4.} Rc8 35. b4 axb4 36. axb4 Rxb4 37. c6 Rc7 38. Ra1 {Black must now prevent Ra8+.} Rb5 39. Be6 Kg7 40. Bd7 e5 41. fxe5 Bxe5 42. Kg2 h5 43. Kf3 Rc5 ({Better is} 43... Bf6 $14) 44. Ke4 $16 Bf6 45. Rb1 R5xc6 ({Black should try} 45... Re5+ $14 46. Kf3 Re7) 46. Bxc6 Rxc6 $14 {[%mdl 4096] Endgame KRR-KRB} 47. Rb7+ Kh6 48. Rf3 h4 (48... Re6+ $16 {might work better.} 49. Kd5 Ra6) 49. g4 Re6+ 50. Kd3 Ra6 51. Rb5 g5 $2 (51... Bd8 52. Kxd4 g5) 52. Ke4 Kg6 53. Rfb3 Re6+ 54. Kd5 Re1 55. Rb6 Rf1 56. Ke4 Rf4+ {[#]} 57. Kd3 $1 Kf7 58. Ra6 Rf3+ 59. Kc4 Rf1 60. Raa3 Rc1+ 61. Kd5 Rc7 62. Ra6 Kg7 (62... Bg7 $142 63. Rf3+ Kg8) 63. Rf3 $18 {White is clearly winning.} Be7 64. Kxd4 Rd7+ 65. Ke5 {aiming for Ke6.} Bc5 66. Rc6 Bd4+ 67. Ke6 {Precision: White = 69%, Black = 43%.} 1-0